00000000nam 2200000zi 4500
0019.944340
003CaOODSP
00520250129143433
006m     o  d f      
007cr mn|||||||||
008241022e202412##quca    obs  f000 0 eng d
020 |a9780660741062
040 |aCaOODSP|beng|erda|cCaOODSP
043 |an-cn---
045 |ay2y2
0861 |aEn4-144/37-2024E-PDF
24500|aCanadian environmental sustainability indicators : |bspecies at risk population trends.
24610|aSpecies at risk population trends
250 |a[December 2024 edition].
264 1|aGatineau QC : |bEnvironment and Climate Change Canada = Environnement et changement climatique Canada, |cDecember 2024.
264 4|c©2024
300 |a1 online resource (22 pages) : |bcolour illustrations
336 |atext|btxt|2rdacontent
337 |acomputer|bc|2rdamedia
338 |aonline resource|bcr|2rdacarrier
500 |aIssued also in French under title: Indicateurs canadiens de durabilité de l'environnement : tendances des populations d'espèces en péril.
500 |a"Project code: EC24019"--Page 2.
504 |aIncludes bibliographical references.
520 |a"Healthy wildlife populations are an important part of biodiversity. In Canada, some species that have experienced population declines or are naturally rare are now in danger of disappearing. Recovery or management actions are put in place to protect wildlife species that are identified as being at risk and are in danger of disappearing. Ensuring the successful recovery or management of a species at risk can be a long-term process involving various measures to stop or reverse the decline in the species and improve the likelihood that it will persist in the wild. This indicator provides a preliminary assessment of whether the population (how many) and distribution (how they are spread out) trends of species at risk listed under the Species at Risk Act are consistent with what is listed in their recovery or management objectives"--Page 5.
650 0|aEndangered species|zCanada|vStatistics.
650 0|aAnimal populations|zCanada|vStatistics.
650 0|aPlant populations|zCanada|vStatistics.
650 0|aEnvironmental indicators|zCanada.
655 7|aStatistics|2lcgft
7101 |aCanada. |bEnvironment and Climate Change Canada, |eissuing body.
77508|tIndicateurs canadiens de durabilité de l'environnement : |w(CaOODSP)9.944341
795 |tCanadian environmental sustainability indicators : |b(January 2023)|w(CaOODSP)9.929443
85640|qPDF|s524 KB|uhttps://publications.gc.ca/collections/collection_2025/eccc/en4/En4-144-37-2024-eng.pdf
8564 |qHTML|sN/A|uhttps://www.canada.ca/en/environment-climate-change/services/environmental-indicators/species-risk-population-trends.html
986 |aEC24019